Dinámica del fósforo en suelos agrícolas de la región semiárida pampeana /

Guardado en:
Autor Principal: Suñer, Liliana Graciela.
Otros Autores: Galantini, Juan Alberto.
Formato: Manuscrito
Idioma:Spanish
Publicado: 2007.
Materias:
Etiquetas: Agregar Etiqueta
Sin Etiquetas, Sea el primero en etiquetar este registro!
LEADER 00979ntm a22002415a 4500
001 EEA.libagro009362
005 20140212132104.0
008 080313s2007####ag#a#####bm###000#0#spa#d
082 0 4 |a 040  |2 15 
100 1 |a Suñer, Liliana Graciela. 
245 1 0 |a Dinámica del fósforo en suelos agrícolas de la región semiárida pampeana /  |c Liliana Graciela Suñer. 
260 |c 2007. 
300 |a xii, 125 h. :  |b il. ;  |c 30 cm. 
500 |a Tesis magíster en Ciencias Agrarias. 
500 |a Director de tesis: Juan Galantini. 
502 |a Tesis (magíster)--Universidad Nacional del Sur. Departamento de Agronomía, 2007. 
504 |a Incluye referencias bibliográficas (p. 112-125). 
650 7 |a Suelos.  |2 unbist 
650 7 |a Nutrición de las plantas.  |2 unbist 
650 7 |a Fertilizantes.  |2 unbist 
700 1 |a Galantini, Juan Alberto. 
710 2 |a Universidad Nacional del Sur.  |b Departamento de Agronomía  |4 dgg. 
859 |a AR-BbBCA  |b BIB. AGRONOMIA  |h 040  |i B148 2007-826  |p 118580/008